Statistics for Marvel Movies Actors

Click here to take the quiz!

General Stats

  • This quiz has been taken 688 times
    (677 since last reset)
  • The average score is 26 of 44

Answer Stats

ActorAnswer% Correct
Robert Downey Jr.Iron Man
99%
Chris EvansCaptain America
98%
Chris HemsworthThor
97%
Scarlett JohanssonThe Black Widow
96%
Bruce BannerThe Hulk
96%
Tom HiddlestonLoki
91%
Jeremy RennerHawkeye
90%
Tom HollandSpider-Man
90%
Paul RuddAnt-Man
89%
Benedict CumberbatchDoctor Strange
88%
Samuel L. JacksonNick Fury
88%
Vin DieselGroot
85%
Chadwick BosemanThe Black Panther
85%
Chris PrattStarlord
84%
Elizabeth OlsenThe Scarlet Witch
81%
Sebastian StanThe Winter Soldier
81%
Paul BettanyVision
81%
Zoe SaldanaGamora
79%
Bradley CooperRocket Raccoon
77%
Anthony MackieThe Falcon
77%
Dave BautistaDrax the Destroyer
75%
Gwyneth PaltrowPepper Potts
75%
Don CheadleWar Machine
72%
Aaron Taylor-JohnsonQuicksilver
60%
Chris EvansThe Human Torch
56%
Natalie PortmanJane Foster
53%
Idris ElbaHeimdall
46%
James SpaderUltron
46%
Cobie SmuldersMaria Hill
45%
Hayley AtwellPeggy Carter
45%
Clark GreggPhil Coulson
39%
Emily VanCampAgent 13
34%
Jessica AlbaInvisible Woman
31%
Ioan GruffuddMister Fantastic
29%
Micheal ChiklisThe Thing
27%
Kate DenningsDarcy Lewis
20%
Jaimie AlexanderLady Sif
20%
Stellan SkarsgårdProfessor Erik Selvig
14%
Julian McMahonDoctor Doom
13%
Chloe BennetDaisy Johnson
10%
Ming-Na WenMelinda May
8%
Elizabeth HenstridgeJemma Simmons
6%
Iain De CaesteckerLeo Fitz
6%
Brett DaltonGrant Ward
5%

Score Distribution

Percentile by Number Answered

Percent of People with Each Score

Your Score History

You have not taken this quiz since the last reset